[Event "Open SSM B Agosto"]
[Site "Milano ITA"]
[Date "2014.08.03"]
[Round "6"]
[White "Madaschi, Sergio"]
[Black "Confalonieri, Luca"]
[WhiteElo "1487"]
[BlackElo "1630"]
[Result "1-0"]
[PlyCount "61"]
[EventDate "2014.07.29"]

1. e4 e5 2. Nf3 Nc6 3. Bb5 a6 4. Ba4 b5 5. Bb3 Nf6 6. c3 Bc5 7. O-O O-O 8. Re1
Re8 9. d4 exd4 10. e5 Ng4 11. cxd4 Bb4 12. Nc3 d6 13. h3 Nh6 14. Bxh6 gxh6 15.
Bd5 Bb7 16. Qb3 Bxc3 17. Bxf7+ Kh8 18. Qxc3 Re7 19. e6 d5 20. Qe3 Qf8 21. Qf4
Qg7 22. Qh4 Rf8 23. Rad1 Bc8 24. Ne5 Nxe5 25. Rxe5 Rfxf7 26. exf7 Rxf7 27. Re8+
Rf8 28. Rde1 Rg8 29. Rxg8+ Qxg8 30. Qf6+ Qg7 31. Re8# 1-0

[Event "Open SSM B Agosto"]
[Site "Milano ITA"]
[Date "2014.08.03"]
[Round "6"]
[White "Poletto, Daniele"]
[Black "Bertora, Silvano"]
[WhiteElo "1738"]
[BlackElo "1596"]
[Result "1-0"]
[PlyCount "93"]
[EventDate "2014.07.29"]

1. c4 e6 2. Nf3 Nf6 3. g3 b6 4. Bg2 Bb7 5. b3 a5 6. Bb2 Bc6 7. a3 d5 8. Nd4 Bb7
9. O-O c6 10. cxd5 exd5 11. d3 Bc8 12. Nd2 Bc5 13. N2f3 O-O 14. h3 Bd7 15. Ne5
Be8 16. Kh2 Bd6 17. Ndf3 Nfd7 18. Nxd7 Qxd7 19. Qd2 c5 20. Qg5 d4 21. Ne5 Qa7
22. Bxa8 Qxa8 23. Nf3 f6 24. Qd2 Nd7 25. e4 f5 26. Rae1 Bh5 27. Nh4 f4 28. Nf5
Ne5 29. f3 Rxf5 30. g4 Bxg4 31. hxg4 Rf6 32. Kg2 Qc8 33. Kf2 Rh6 34. Rh1 Nxg4+
35. fxg4 Rg6 36. Reg1 Rxg4 37. Rxg4 Qxg4 38. Rg1 Qh4+ 39. Kf1 f3 40. Qg5 Qh3+
41. Ke1 Qd7 42. Qd5+ Kf8 43. e5 f2+ 44. Kxf2 Qf5+ 45. Qf3 Qxf3+ 46. Kxf3 Bxe5
47. Bc1 1-0

[Event "Open SSM B Agosto"]
[Site "Milano ITA"]
[Date "2014.08.03"]
[Round "6"]
[White "Ruggeri, Igor"]
[Black "Pipitone, Filippo Massimo"]
[WhiteElo "1581"]
[BlackElo "1567"]
[Result "1-0"]
[PlyCount "71"]
[EventDate "2014.07.29"]

1. d4 d5 2. c4 e6 3. Nc3 Nf6 4. Bg5 Be7 5. Nf3 O-O 6. e3 h6 7. Bh4 b6 8. Bd3
Bb7 9. O-O Nbd7 10. Rc1 c5 11. Qe2 cxd4 12. Nxd4 Nc5 13. Bb1 dxc4 14. Qxc4 Rc8
15. Qe2 a6 16. Rfd1 Qe8 17. Bg3 Nd5 18. Qc2 g6 19. Nxd5 Bxd5 20. Qe2 b5 21. Qg4
Bf6 22. h4 h5 23. Qf4 Bg7 24. Qd6 Qd7 25. Rxc5 Qb7 26. Nf3 Rxc5 27. Qxc5 Rc8
28. Qb4 Bxf3 29. gxf3 Qxf3 30. Qd2 Bf6 31. Bd3 Bxb2 32. Be2 Qf6 33. Qd7 Rc2 34.
Qd3 Rc8 35. Qb3 Rc3 36. Qxb2 1-0

[Event "Open SSM B Agosto"]
[Site "Milano ITA"]
[Date "2014.08.03"]
[Round "6"]
[White "Vece, Luigi"]
[Black "Figini, Vittorio"]
[WhiteElo "1641"]
[BlackElo "1446"]
[Result "1-0"]
[PlyCount "39"]
[EventDate "2014.07.29"]

1. e4 c5 2. Nf3 Nc6 3. d4 cxd4 4. Nxd4 d6 5. c4 Qc7 6. Nc3 a6 7. Be2 e6 8. Be3
Be7 9. Qd2 Nf6 10. O-O-O O-O 11. f4 e5 12. Nf5 Bxf5 13. exf5 Rad8 14. g4 Nb4
15. g5 d5 16. gxf6 Bxf6 17. a3 dxc4 18. Qe1 Nd3+ 19. Bxd3 cxd3 20. Kb1 1-0

[Event "Open SSM B Agosto"]
[Site "Milano ITA"]
[Date "2014.08.03"]
[Round "6"]
[White "Vigliaroli, Matteo Luigi"]
[Black "Rigotti, Gianluigi"]
[WhiteElo "1646"]
[BlackElo "1606"]
[Result "1-0"]
[PlyCount "25"]
[EventDate "2014.07.29"]

1. e4 e5 2. Nf3 Nc6 3. d4 exd4 4. Nxd4 Bc5 5. Nxc6 Qf6 6. Qd2 Qxc6 7. Bd3 Nf6
8. O-O d6 9. Nc3 O-O 10. Nd5 Nxd5 11. exd5 Qxd5 12. Bxh7+ Kxh7 13. Qxd5 1-0

[Event "Open SSM B Agosto"]
[Site "Milano ITA"]
[Date "2014.08.03"]
[Round "7"]
[White "Aloe, Giancarlo"]
[Black "Lanaspa Ballesteros, Federico"]
[WhiteElo "1708"]
[BlackElo "1585"]
[Result "0-1"]
[PlyCount "76"]
[EventDate "2014.07.29"]

1. d4 Nf6 2. Nf3 c5 3. e3 cxd4 4. exd4 e6 5. g3 b6 6. Bg2 Bb7 7. O-O Nc6 8. c4
d5 9. b3 Rc8 10. Bb2 Be7 11. Nbd2 Nb4 12. Qe2 dxc4 13. Nxc4 O-O 14. a3 Nbd5 15.
Rfd1 b5 16. Nce5 Qb6 17. Rac1 a5 18. Ng5 h6 19. Ne4 Rfd8 20. Rxc8 Bxc8 21. Rc1
Bb7 22. Nc5 Ba8 23. Bf1 Nc7 24. b4 axb4 25. axb4 Qd6 26. f3 Nh5 27. Bh3 Nxg3
28. hxg3 f6 29. f4 fxe5 30. fxe5 Qb6 31. Rf1 Qc6 32. Kh2 Rf8 33. Rg1 Bg5 34.
Bg2 Qe8 35. Bc1 Bxg2 36. Bxg5 Bf3 37. Qe3 hxg5 38. Qxg5 Rf5 0-1

[Event "Open SSM B Agosto"]
[Site "Milano ITA"]
[Date "2014.08.03"]
[Round "7"]
[White "Bertora, Silvano"]
[Black "Libutti, Michele"]
[WhiteElo "1596"]
[BlackElo "1736"]
[Result "0-1"]
[PlyCount "110"]
[EventDate "2014.07.29"]

1. c4 e5 2. g3 Nf6 3. Bg2 c6 4. Nc3 d6 5. d4 Nbd7 6. b4 a6 7. Bb2 Be7 8. Nh3
Qb6 9. a3 Qxd4 10. Qxd4 exd4 11. Na2 c5 12. Rd1 Ne5 13. Rc1 O-O 14. Nf4 Rb8 15.
e3 dxe3 16. fxe3 Bf5 17. Bxe5 dxe5 18. Nd5 Nxd5 19. Bxd5 b6 20. e4 Bg4 21. h3
Bd7 22. Rb1 g6 23. Ke2 Kg7 24. g4 Rfc8 25. Nc3 cxb4 26. axb4 a5 27. b5 Bc5 28.
g5 Rf8 29. h4 f6 30. Rbf1 fxg5 31. hxg5 Bg4+ 32. Kd3 Rxf1 33. Rxf1 Rf8 34. Rxf8
Kxf8 35. Bc6 Be7 36. Na4 Bd8 37. c5 bxc5 38. Nxc5 Ke7 39. Kc4 Be6+ 40. Bd5 Bg4
41. Bg8 Be2+ 42. Nd3 Kf8 43. Bd5 Bxg5 44. b6 Bd8 45. b7 Bc7 46. Kc3 Bxd3 47.
Kxd3 Ke7 48. Ke3 h5 49. Kf3 a4 50. Kg3 g5 51. Kh3 a3 52. Ba2 Kd6 53. Kg3 Kc5
54. Kf3 Kd4 55. Bd5 Kc3 0-1

[Event "Open SSM B Agosto"]
[Site "Milano ITA"]
[Date "2014.08.03"]
[Round "7"]
[White "Biava, Pierluigi"]
[Black "Casamassima, Paolo"]
[WhiteElo "1613"]
[BlackElo "1671"]
[Result "0-1"]
[PlyCount "102"]
[EventDate "2014.07.29"]

1. e4 c5 2. Nc3 e6 3. Nf3 Nc6 4. g3 a6 5. Bg2 Qc7 6. d3 Nf6 7. O-O Be7 8. Re1
d6 9. Bd2 O-O 10. a3 b5 11. Na2 Rb8 12. c3 e5 13. Nh4 Rd8 14. Nf5 Bxf5 15. exf5
d5 16. g4 h6 17. f3 a5 18. h4 Nh7 19. h5 c4 20. Be3 d4 21. cxd4 Nxd4 22. dxc4
Nxf5 23. gxf5 Rxd1 24. Raxd1 Qxc4 25. Nc3 Nf6 26. Bf1 Qh4 27. Bf2 Qxh5 28. Nd5
Nxd5 29. Rxd5 Qxf3 30. Rdxe5 Bf6 31. Bg2 Qg4 32. Re8+ Rxe8 33. Rxe8+ Kh7 34. b3
Qd1+ 35. Kh2 Qxb3 36. Re3 Qb2 37. Rf3 Qe5+ 38. Bg3 Qe2 39. Bf2 Qd2 40. Be3 Qd6+
41. Kh3 Qxa3 42. Bd4 Qd6 43. Bxf6 Qxf6 44. Bf1 Qc6 45. Kg2 b4 46. f6 g6 47. Bd3
a4 48. Kf2 a3 49. Bb1 Qc1 50. Rb3 Qd2+ 51. Kg3 a2 0-1

[Event "Open SSM B Agosto"]
[Site "Milano ITA"]
[Date "2014.08.03"]
[Round "7"]
[White "Colica, Daniele"]
[Black "Vigliaroli, Matteo Luigi"]
[WhiteElo "1716"]
[BlackElo "1646"]
[Result "1/2-1/2"]
[PlyCount "100"]
[EventDate "2014.07.29"]

1. e4 e6 2. d3 d5 3. Qe2 Be7 4. Nf3 c5 5. g3 Nc6 6. Bg2 Nf6 7. O-O O-O 8. Re1
Re8 9. Nbd2 b5 10. Nf1 Bb7 11. e5 Nd7 12. h4 h6 13. N3h2 Nd4 14. Qd1 Qc7 15. c3
Nc6 16. f4 d4 17. Qh5 c4 18. dxc4 bxc4 19. cxd4 Nxd4 20. Nf3 Nc2 21. Bd2 Nxa1
22. Rxa1 Qb6+ 23. Be3 Qxb2 24. Rd1 Rad8 25. Rd2 Qa3 26. Ng5 hxg5 27. Bxb7 Nc5
28. Bc6 Rf8 29. fxg5 Rxd2 30. Bxd2 c3 31. Qf3 cxd2 32. Qxa3 d1=Q 33. Qxa7 Qd4+
34. Kg2 Qd8 35. a4 Nb3 36. Qe3 Na5 37. Bb5 Qa8+ 38. Kh3 Rd8 39. Bd3 Qd5 40. Be4
Qd4 41. Qf4 Nc4 42. a5 Nxa5 43. Ne3 Qd2 44. Qf3 Bc5 45. Ng4 Qd1 46. Nh6+ gxh6
47. Qf6 Bf8 48. g6 Rd7 49. gxf7+ Rxf7 50. Qxe6 Qd7 1/2-1/2

[Event "Open SSM B Agosto"]
[Site "Milano ITA"]
[Date "2014.08.03"]
[Round "7"]
[White "Conta, Diego"]
[Black "Poletto, Daniele"]
[WhiteElo "1669"]
[BlackElo "1738"]
[Result "1/2-1/2"]
[PlyCount "37"]
[EventDate "2014.07.29"]

1. e4 c5 2. f4 Nc6 3. Nf3 e6 4. d4 cxd4 5. Nxd4 Nxd4 6. Qxd4 Qc7 7. Nc3 a6 8.
Be3 b5 9. Bd3 Bb7 10. Qb6 Qxb6 11. Bxb6 Nf6 12. a3 Rc8 13. O-O Bc5+ 14. Bxc5
Rxc5 15. Rae1 O-O 16. e5 Nd5 17. Ne4 Rc7 18. Nd6 Nb6 19. Nxb7 1/2-1/2

[Event "Open SSM B Agosto"]
[Site "Milano ITA"]
[Date "2014.08.03"]
[Round "7"]
[White "Deiana, Giacomo"]
[Black "Madaschi, Sergio"]
[WhiteElo "1673"]
[BlackElo "1487"]
[Result "1/2-1/2"]
[PlyCount "41"]
[EventDate "2014.07.29"]

1. c4 b6 2. Nf3 Bb7 3. g3 e5 4. Bg2 Nf6 5. d3 Nc6 6. O-O d6 7. Nc3 Be7 8. Bg5
O-O 9. Bxf6 Bxf6 10. Nd5 g6 11. Rb1 Bg7 12. b4 Ne7 13. Nxe7+ Qxe7 14. a4 e4 15.
dxe4 Bxe4 16. Rb3 Bb7 17. Qd2 h6 18. Re1 Rfe8 19. e3 Rab8 20. a5 Qe6 21. Rc1
1/2-1/2

[Event "Open SSM B Agosto"]
[Site "Milano ITA"]
[Date "2014.08.03"]
[Round "7"]
[White "Fantina, Carla"]
[Black "Frignani, Alessandro"]
[WhiteElo "1399"]
[BlackElo "1470"]
[Result "0-1"]
[PlyCount "80"]
[EventDate "2014.07.29"]

1. c4 c5 2. g3 Nc6 3. Bg2 d6 4. d3 Qa5+ 5. Bd2 Qb6 6. b3 g6 7. Nc3 Bg7 8. Rb1
Be6 9. a4 a5 10. Nf3 h6 11. O-O Nf6 12. h3 g5 13. Ne1 Qd8 14. Nd5 Bxd5 15. cxd5
Nb4 16. e4 Nd7 17. Be3 Na2 18. Bd2 Bc3 19. Qc2 Bxd2 20. Qxd2 Nb4 21. Qb2 f6 22.
Qe2 h5 23. Nf3 Qb6 24. Nd2 Qa6 25. Nc4 Ne5 26. Rfd1 O-O-O 27. Nxe5 dxe5 28. Qe3
Qd6 29. Rbc1 b6 30. Qd2 e6 31. Rc3 exd5 32. exd5 Nxd5 33. Rcc1 Nb4 34. Be4 Rdf8
35. Bf5+ Kb7 36. Qe2 Ka7 37. Rc4 Rd8 38. Rcc1 Nc6 39. Qe3 Nd4 40. Rc3 Nxf5 0-1

[Event "Open SSM B Agosto"]
[Site "Milano ITA"]
[Date "2014.08.03"]
[Round "7"]
[White "Mingolla, Patrizio"]
[Black "Botta, Massimiliano"]
[WhiteElo "1615"]
[BlackElo "1702"]
[Result "1/2-1/2"]
[PlyCount "63"]
[EventDate "2014.07.29"]

1. d4 Nf6 2. Nf3 g6 3. c3 Bg7 4. e3 d5 5. Bd3 Nbd7 6. O-O c5 7. Bb5 O-O 8. Bd3
Qc7 9. Re1 b6 10. Nbd2 Bb7 11. e4 dxe4 12. Nxe4 Nxe4 13. Bxe4 Bxe4 14. Rxe4 Nf6
15. Bf4 Qb7 16. Re2 Rfd8 17. Qe1 Nd5 18. Bd2 cxd4 19. cxd4 Rac8 20. Rc1 Rxc1
21. Qxc1 Qa6 22. Re1 Qxa2 23. Ne5 Qa4 24. Nf3 Bxd4 25. b3 Bxf2+ 26. Kxf2 Qxb3
27. Qa1 a5 28. Qd4 Rc8 29. Bh6 f6 30. Qg4 Rc2+ 31. Kg1 Nb4 32. Qd7 1/2-1/2

[Event "Open SSM B Agosto"]
[Site "Milano ITA"]
[Date "2014.08.03"]
[Round "7"]
[White "Pipitone, Filippo Massimo"]
[Black "Gonella, Graziano"]
[WhiteElo "1567"]
[BlackElo "1156"]
[Result "0-1"]
[PlyCount "88"]
[EventDate "2014.07.29"]

1. d4 Nf6 2. Nf3 c5 3. e3 b6 4. Bd3 Nc6 5. b3 Bb7 6. Bb2 e6 7. O-O d5 8. a3 Bd6
9. Ne5 Qc7 10. f4 cxd4 11. exd4 Ne4 12. Nd2 f5 13. Bxe4 dxe4 14. Qh5+ g6 15.
Nxg6 Qf7 16. d5 Qxg6 17. Qxg6+ hxg6 18. Bxh8 exd5 19. b4 Ba6 20. Rfe1 Bxf4 21.
Nf3 O-O-O 22. Nd4 Bxh2+ 23. Kf2 Nxd4 24. Bxd4 Bd6 25. g3 Rf8 26. Be3 Rg8 27.
Rg1 Bc4 28. c3 Kb7 29. Bg5 Be5 30. Rac1 Kc6 31. Rh1 Kb5 32. Rh6 d4 33. Bf4 e3+
34. Kf3 Bxf4 35. gxf4 Bd5+ 36. Ke2 Rc8 37. Rd1 Bc4+ 38. Rd3 Bxd3+ 39. Kxd3
Rxc3+ 40. Kxd4 Rxa3 41. Rh2 Kxb4 42. Re2 b5 43. Rxe3 Rxe3 44. Kxe3 Kc3 0-1

[Event "Open SSM B Agosto"]
[Site "Milano ITA"]
[Date "2014.08.03"]
[Round "7"]
[White "Rigotti, Gianluigi"]
[Black "Ruggeri, Igor"]
[WhiteElo "1606"]
[BlackElo "1581"]
[Result "1-0"]
[PlyCount "77"]
[EventDate "2014.07.29"]

1. e4 c5 2. g3 d6 3. Bg2 Nc6 4. Ne2 Nf6 5. c3 Qc7 6. d4 cxd4 7. cxd4 e6 8. O-O
Be7 9. Nbc3 O-O 10. Be3 Bd7 11. f4 Ng4 12. Bd2 a6 13. h3 Nf6 14. Rc1 Rac8 15.
Be3 Qb8 16. e5 Ne8 17. g4 Na5 18. b3 b5 19. Qd2 Bc6 20. Bxc6 Nxc6 21. d5 Nd8
22. dxe6 Nxe6 23. Nd5 Bd8 24. f5 Nc5 25. Bxc5 dxc5 26. e6 fxe6 27. fxe6 Qe5 28.
Rxf8+ Kxf8 29. Qf4+ Qxf4 30. Nexf4 Bf6 31. Nb6 Bd4+ 32. Kg2 Nf6 33. g5 Ne8 34.
Nfd5 Rc6 35. Nd7+ Kg8 36. Ne7+ Kh8 37. Nxc6 Be3 38. Rf1 g6 39. Rf8+ 1-0

[Event "Open SSM B Agosto"]
[Site "Milano ITA"]
[Date "2014.08.03"]
[Round "7"]
[White "Vece, Luigi"]
[Black "Carito, Riccardo"]
[WhiteElo "1641"]
[BlackElo "1732"]
[Result "1-0"]
[PlyCount "45"]
[EventDate "2014.07.29"]

1. e4 d5 2. exd5 Nf6 3. d4 c6 4. dxc6 Nxc6 5. Bb5 Qa5+ 6. Nc3 Ne4 7. Nge2 Nxc3
8. Nxc3 Bd7 9. d5 Ne5 10. Bxd7+ Nxd7 11. O-O g6 12. Qd4 Nf6 13. Bg5 Bg7 14.
Rfe1 O-O 15. Qh4 Nxd5 16. Nxd5 Qxd5 17. Bxe7 Rfc8 18. c3 Rc4 19. Qg5 Qc6 20.
Ba3 h6 21. Qc1 Bxc3 22. bxc3 Rxc3 23. Qb2 1-0

[Event "Open SSM B Agosto"]
[Site "Milano ITA"]
[Date "2014.08.03"]
[Round "7"]
[White "Verderame, Alberto"]
[Black "Figini, Vittorio"]
[WhiteElo "1481"]
[BlackElo "1446"]
[Result "1-0"]
[PlyCount "55"]
[EventDate "2014.07.29"]

1. Nf3 c5 2. d4 cxd4 3. Qxd4 Nc6 4. Qd2 g6 5. e3 Bg7 6. Bd3 Nf6 7. c3 b6 8. O-O
Bb7 9. e4 Qc7 10. Qe2 O-O 11. Ba6 Rab8 12. Bxb7 Rxb7 13. Nd4 Rd8 14. Be3 e5 15.
Nb5 Qb8 16. Qd3 d5 17. Bg5 dxe4 18. Qe3 Rd3 19. Qe2 Rbd7 20. Bxf6 Bxf6 21. Qxe4
Ne7 22. Nd4 R3xd4 23. cxd4 Rxd4 24. Qf3 Qd6 25. Nc3 Qb4 26. Qxf6 Nf5 27. Qxe5
Qxb2 28. Ne4 1-0

[Event "XIII Festival"]
[Site "Ozieri ITA"]
[Date "2014.07.31"]
[Round "1"]
[White "Carucci, Bruno"]
[Black "Sanna, Raul"]
[WhiteElo "1463"]
[BlackElo "1407"]
[Result "1-0"]
[PlyCount "55"]
[EventDate "2014.07.31"]

1. d4 d5 2. c4 e6 3. Nf3 Nf6 4. Nc3 c6 5. Bg5 Be7 6. e3 O-O 7. Bd3 Nbd7 8. O-O
Bd6 9. Rc1 Qe7 10. cxd5 exd5 11. Re1 Qd8 12. e4 dxe4 13. Nxe4 Be7 14. Ne5 Nxe5
15. Nxf6+ Bxf6 16. Bxf6 Qxf6 17. dxe5 Qg5 18. Re3 Bg4 19. Qc2 h6 20. Rg3 Qf4
21. Re1 Qb4 22. Re4 Qa5 23. Rexg4 Qe1+ 24. Bf1 g6 25. Qe4 Qc1 26. Rxg6+ Kh7 27.
Rg7+ Kh8 28. Qh7# 1-0

[Event "XIII Festival"]
[Site "Ozieri ITA"]
[Date "2014.07.31"]
[Round "1"]
[White "Corbo, Giuseppe"]
[Black "Pedranghelu, Mario"]
[WhiteElo "1441"]
[BlackElo "1392"]
[Result "1-0"]
[PlyCount "41"]
[EventDate "2014.07.31"]

1. e4 e5 2. Nf3 Nf6 3. Nxe5 Nxe4 4. Qf3 Qe7 5. Qxe4 d6 6. d4 f6 7. Bf4 Nc6 8.
Bb5 Bd7 9. Nc3 fxe5 10. Nd5 Qd8 11. dxe5 dxe5 12. Bxe5 Nxe5 13. Qxe5+ Be7 14.
Nxc7+ Kf8 15. O-O-O Bg5+ 16. f4 Qf6 17. Qxf6+ Bxf6 18. Rxd7 Rc8 19. Ne6+ Kg8
20. b3 a6 21. Bc4 1-0

[Event "XIII Festival"]
[Site "Ozieri ITA"]
[Date "2014.07.31"]
[Round "1"]
[White "Dessy, Eugenio"]
[Black "Freschi, Vincenzo Giuseppe"]
[WhiteElo "1614"]
[BlackElo "1422"]
[Result "1-0"]
[PlyCount "103"]
[EventDate "2014.07.31"]

1. e4 e5 2. Nf3 Nc6 3. Bb5 a6 4. Ba4 Nf6 5. O-O Be7 6. Re1 b5 7. Bb3 d6 8. c3
O-O 9. h3 Na5 10. Bc2 c5 11. d4 Qc7 12. Nbd2 Rd8 13. Nf1 Bb7 14. d5 Rab8 15.
Qe2 Nh5 16. Nxe5 Nf4 17. Bxf4 dxe5 18. Be3 Bc8 19. Ng3 Nc4 20. Bb3 Nd6 21. f4
Nc4 22. fxe5 Nxe3 23. Qxe3 Qxe5 24. Rf1 Bh4 25. Ne2 c4 26. Bc2 Re8 27. Qf4 Qxf4
28. Rxf4 Bf6 29. Raf1 b4 30. Ba4 Re7 31. d6 Re6 32. d7 Bb7 33. Rd1 Bxe4 34.
Rxf6 gxf6 35. d8=Q+ Rxd8 36. Rxd8+ Kg7 37. Nf4 Rb6 38. Nd5 bxc3 39. bxc3 Rb2
40. Ne3 Rxa2 41. Bd1 a5 42. Bf3 Ra1+ 43. Kf2 Ra2+ 44. Kg3 Bxf3 45. Kxf3 Ra3 46.
Nd5 a4 47. Rc8 Ra1 48. Rxc4 a3 49. Rg4+ Kf8 50. Ra4 a2 51. Kg3 Kg7 52. Nb4 1-0

[Event "XIII Festival"]
[Site "Ozieri ITA"]
[Date "2014.07.31"]
[Round "1"]
[White "Garau, Francesca"]
[Black "Secci, Andrea"]
[WhiteElo "1500"]
[BlackElo "1410"]
[Result "1-0"]
[PlyCount "43"]
[EventDate "2014.07.31"]

1. e4 d5 2. exd5 Qxd5 3. Nc3 Qa5 4. Bc4 c6 5. d3 Nf6 6. Bf4 e5 7. Bg3 Bb4 8.
Qd2 O-O 9. Nf3 b5 10. Bb3 Nbd7 11. a3 Bd6 12. O-O Re8 13. Rfe1 Nc5 14. Ba2 Qc7
15. d4 Ne6 16. dxe5 Bc5 17. exf6 Qb6 18. fxg7 Kxg7 19. Bxe6 Bxe6 20. Be5+ f6
21. Qg5+ Kh8 22. Bxf6# 1-0

[Event "XIII Festival"]
[Site "Ozieri ITA"]
[Date "2014.07.31"]
[Round "1"]
[White "Manca, Luca"]
[Black "Mura, Marta"]
[WhiteElo "1903"]
[BlackElo "1392"]
[Result "1-0"]
[PlyCount "71"]
[EventDate "2014.07.31"]

1. e4 d5 2. exd5 Qxd5 3. d4 Bf5 4. c4 Qd7 5. Nf3 e6 6. c5 b6 7. Ne5 Qd5 8. Nc3
Qb7 9. Qa4+ c6 10. b4 Nf6 11. Be2 Be7 12. Bf3 b5 13. Nxb5 O-O 14. Nc3 Nd5 15.
Nxd5 cxd5 16. O-O Bh4 17. b5 a6 18. b6 f6 19. Ng4 Nc6 20. Bb2 Bxg4 21. Bxg4 e5
22. Be6+ Kh8 23. Bxd5 Rac8 24. dxe5 fxe5 25. Qxh4 Qd7 26. Rfd1 Rfd8 27. Bf3 Qf7
28. Rxd8+ Rxd8 29. Bxc6 Rd2 30. Bxe5 Qc4 31. Qe7 Qg8 32. b7 Rd8 33. Rb1 h6 34.
b8=Q Rxb8 35. Rxb8 Qxb8 36. Qxg7# 1-0

[Event "XIII Festival"]
[Site "Ozieri ITA"]
[Date "2014.07.31"]
[Round "1"]
[White "Passalacqua, Tullio"]
[Black "Chighine, Roberto"]
[WhiteElo "1663"]
[BlackElo "1434"]
[Result "1-0"]
[PlyCount "39"]
[EventDate "2014.07.31"]

1. d4 e6 2. c4 d5 3. Nf3 Nf6 4. Bg5 Be7 5. e3 Nbd7 6. Bd3 O-O 7. Nc3 dxc4 8.
Bxc4 b6 9. O-O Bb7 10. Rc1 c5 11. dxc5 Nxc5 12. Qe2 Qc7 13. Rfd1 Nfe4 14. Nb5
Qb8 15. Bxe7 Re8 16. Bxc5 Nxc5 17. Nd6 Bxf3 18. Qxf3 Rd8 19. Qxf7+ Kh8 20. Qf4
1-0

[Event "XIII Festival"]
[Site "Ozieri ITA"]
[Date "2014.07.31"]
[Round "1"]
[White "Pisano, Claudio"]
[Black "Careddu, Angelo"]
[WhiteElo "1628"]
[BlackElo "1446"]
[Result "1/2-1/2"]
[PlyCount "83"]
[EventDate "2014.07.31"]

1. e4 d6 2. Nf3 Nf6 3. Nc3 g6 4. Bc4 Bg7 5. d3 c6 6. O-O O-O 7. h3 a6 8. a4
Nbd7 9. Bg5 h6 10. Bxf6 Bxf6 11. Ra2 Ne5 12. Nxe5 Bxe5 13. Qd2 Bg7 14. Re1 Qb6
15. Qe3 Bd4 16. Qd2 e5 17. Rf1 Kg7 18. Bb3 Be6 19. Bxe6 fxe6 20. Nd1 d5 21. c3
Bc5 22. exd5 exd5 23. Ne3 h5 24. Nc2 Qb3 25. Raa1 Rf7 26. d4 Bd6 27. dxe5 Bxe5
28. Nd4 Bxd4 29. Qxd4+ Kh7 30. Qd2 Raf8 31. f3 Qb6+ 32. Qf2 Qb3 33. Qd2 Rf4 34.
Qe2 R8f7 35. Ra3 Qc4 36. Qxc4 Rxc4 37. Re1 Kh6 38. Kf2 h4 39. Re3 Rff4 40. b3
Rce4 41. g3 hxg3+ 42. Kxg3 1/2-1/2

[Event "XIII Festival"]
[Site "Ozieri ITA"]
[Date "2014.07.31"]
[Round "1"]
[White "Pizzadili, Marina"]
[Black "Polo, Alessandro"]
[WhiteElo "1410"]
[BlackElo "1537"]
[Result "0-1"]
[PlyCount "66"]
[EventDate "2014.07.31"]

1. e3 Nf6 2. f4 d5 3. c3 Bf5 4. Nf3 c6 5. Ne5 h6 6. g4 Bxb1 7. Rxb1 e6 8. g5
hxg5 9. Qb3 Qc7 10. Bd3 gxf4 11. Rg1 Nbd7 12. exf4 Nxe5 13. fxe5 Qxe5+ 14. Kd1
Qc7 15. Bg6 fxg6 16. d4 Bd6 17. Qc2 Qf7 18. b4 Rxh2 19. Bd2 Ne4 20. Qb2 Rxd2+
21. Kc1 Rxb2 22. Rxb2 Bf4+ 23. Kc2 b5 24. a4 a6 25. Rh1 Ke7 26. axb5 axb5 27.
Rhb1 Bd2 28. Kd3 Qf3+ 29. Kc2 Bxc3 30. Rb3 Qe2+ 31. Kc1 Ra2 32. Rxc3 Nxc3 33.
Ra1 Qc2# 0-1

[Event "XIII Festival"]
[Site "Ozieri ITA"]
[Date "2014.07.31"]
[Round "1"]
[White "Saddi, Giorgio"]
[Black "Di Pinto, Vincenzo"]
[WhiteElo "1428"]
[BlackElo "1626"]
[Result "1-0"]
[PlyCount "81"]
[EventDate "2014.07.31"]

1. e4 e5 2. Nf3 Nc6 3. Nc3 Nf6 4. Bb5 d6 5. d3 h6 6. Be3 Ng4 7. O-O f5 8. g3 a6
9. Ba4 b5 10. Bb3 Na5 11. a4 Nxb3 12. cxb3 b4 13. Nd5 a5 14. Rc1 c5 15. Nh4 Nf6
16. Nxf5 Bxf5 17. Nxf6+ Qxf6 18. exf5 Qxf5 19. f4 Be7 20. fxe5 Qxe5 21. Qf3 Rc8
22. d4 Rf8 23. Qe2 Rxf1+ 24. Kxf1 Qf5+ 25. Kg1 cxd4 26. Rxc8+ Qxc8 27. Bxd4
Qc1+ 28. Qf1 Qg5 29. Qb5+ Kf7 30. Bb6 Qc1+ 31. Qf1+ Qxf1+ 32. Kxf1 Bf6 33. Bxa5
Bxb2 34. Bxb4 Ke6 35. Ke2 Bd4 36. Kd3 Kd5 37. Bc3 Bg1 38. h4 g6 39. a5 h5 40.
a6 Kc5 41. a7 1-0

[Event "XIII Festival"]
[Site "Ozieri ITA"]
[Date "2014.07.31"]
[Round "1"]
[White "Saddi, Giuseppe Giovanni"]
[Black "Cola, Andrea"]
[WhiteElo "1407"]
[BlackElo "1467"]
[Result "1-0"]
[PlyCount "108"]
[EventDate "2014.07.31"]

1. e4 e5 2. Nf3 Nc6 3. Bb5 Nf6 4. Qe2 Bc5 5. c3 Qe7 6. d3 a6 7. Ba4 b5 8. Bc2
d6 9. Bg5 h6 10. Be3 O-O 11. Bxc5 dxc5 12. Nbd2 Be6 13. Bb3 a5 14. Bxe6 Qxe6
15. c4 b4 16. a4 Nd4 17. Nxd4 cxd4 18. b3 c5 19. O-O-O Qg4 20. Qxg4 Nxg4 21.
Rdf1 Ra6 22. h3 Nf6 23. g4 Nh7 24. Nf3 f6 25. h4 g6 26. Kd2 f5 27. Nxe5 fxg4
28. Nxg4 h5 29. Ne5 Re6 30. Nd7 Rc8 31. Rhg1 Rc7 32. Nb8 Rb6 33. f4 Nf8 34. f5
Rxb8 35. fxg6 Rb6 36. Rg5 Rxg6 37. Rxf8+ Kxf8 38. Rxg6 Rf7 39. Rg5 Rf2+ 40. Ke1
Rb2 41. Rxc5 Rxb3 42. Rxa5 Rxd3 43. Rf5+ Ke7 44. Rf2 Rc3 45. Kd1 Rxc4 46. Rc2
Rxc2 47. Kxc2 Kd6 48. a5 Kc5 49. a6 Kb6 50. e5 Kxa6 51. e6 Kb5 52. e7 Kc4 53.
e8=Q b3+ 54. Kb2 d3 1-0

[Event "XIII Festival"]
[Site "Ozieri ITA"]
[Date "2014.08.01"]
[Round "2"]
[White "Buchicchio, Alessandro"]
[Black "Carucci, Bruno"]
[WhiteElo "1914"]
[BlackElo "1463"]
[Result "1-0"]
[PlyCount "99"]
[EventDate "2014.07.31"]

1. e4 e6 2. d4 d5 3. e5 Ne7 4. Nf3 b6 5. Bd3 Qd7 6. O-O Ba6 7. Bxa6 Nxa6 8. Qe2
Nb8 9. Rd1 Nf5 10. c4 c6 11. a3 Be7 12. Nbd2 c5 13. cxd5 exd5 14. Nb3 Nc6 15.
Bf4 cxd4 16. Rac1 O-O 17. Nbxd4 Nfxd4 18. Nxd4 Nxd4 19. Rxd4 Qe6 20. Rcd1 Rfd8
21. Qf3 Rdc8 22. Rxd5 Rab8 23. h3 h6 24. Rd7 Rc2 25. Qd5 Qxd5 26. R1xd5 Bc5 27.
e6 fxe6 28. Rxc5 bxc5 29. Bxb8 Rc1+ 30. Kh2 Rb1 31. Rxa7 Rxb2 32. Rxg7+ Kf8 33.
Bd6+ Ke8 34. Bxc5 Rb5 35. Bb4 Rf5 36. Re7+ Kd8 37. Rxe6 Rxf2 38. Rxh6 Kd7 39.
h4 Re2 40. h5 Re4 41. Kh3 Ke8 42. Rh7 Rf4 43. Rh8+ Kd7 44. h6 Rf5 45. h7 Rh5+
46. Kg4 Rh1 47. Ra8 Rg1 48. h8=Q Rxg2+ 49. Kf3 Rg6 50. Qc8# 1-0

[Event "XIII Festival"]
[Site "Ozieri ITA"]
[Date "2014.08.01"]
[Round "2"]
[White "Careddu, Angelo"]
[Black "Pisano, Federico"]
[WhiteElo "1446"]
[BlackElo "1365"]
[Result "1-0"]
[PlyCount "107"]
[EventDate "2014.07.31"]

1. d4 d5 2. c4 e6 3. Nf3 Bb4+ 4. Nc3 Bxc3+ 5. bxc3 dxc4 6. Qa4+ Qd7 7. Qxc4 Nf6
8. Ba3 Qd5 9. Qxc7 Qd7 10. Qg3 Qc6 11. Ng5 Nh5 12. Qf3 Qxf3 13. exf3 a6 14. Ne4
Nc6 15. Nd6+ Kd7 16. Nxf7 Rg8 17. Bc4 b5 18. Bd3 Nf6 19. Ne5+ Nxe5 20. dxe5 Nd5
21. Rd1 Nxc3 22. Rd2 g6 23. Be4+ Nd5 24. Bxd5 exd5 25. Rxd5+ Ke6 26. Rc5 Rb8
27. Bb4 Rd8 28. O-O Kf5 29. Re1 Be6 30. g4+ Kf4 31. Re4+ Kxf3 32. Re3+ Kxg4 33.
a3 Rd1+ 34. Kg2 Bd5+ 35. f3+ Kf4 36. Rxd5 Rxd5 37. Re4+ Kf5 38. e6 Re5 39.
Rxe5+ Kxe5 40. e7 Ra8 41. Be1 Ke6 42. Bh4 h6 43. f4 a5 44. Kf3 Kf5 45. Bf2 g5
46. Bb6 b4 47. Bd8 g4+ 48. Ke3 bxa3 49. e8=Q a2 50. Qb5+ Ke6 51. Qe5+ Kd7 52.
Qc7+ Ke6 53. Qc6+ Kf5 54. Qf6# 1-0